| 000 | 01190nam a2200277Ia 4500 | ||
|---|---|---|---|
| 999 |
_c52895 _d52895 |
||
| 001 | 19925 | ||
| 003 | GE_BSU | ||
| 005 | 20200513220706.0 | ||
| 008 | 181216s1989||||ge |||||||||||||| ||geo|| | ||
| 040 | _cGE_BSU | ||
| 041 | _ageo | ||
| 080 | _a811.353.1'367.625 ღ-54 | ||
| 100 |
_aღვინაძე, თინათინ _91991 |
||
| 245 |
_aქართული ზმნის ვნებითი გვარის ფორმათა სტილისტიკა / _cთინათინ ღვინაძე ; რედ. შ. აფრიდონიძე. |
||
| 260 | _aთბილისი | ||
| 260 | _bმეცნიერება, | ||
| 260 | _c1989 | ||
| 300 | _a181გვ;21სმ. | ||
| 300 | _bრეზ. რუს.. - ბიბლიოგრ.: გვ. 173-180 | ||
| 541 | _h4ლ. | ||
| 653 | _aზმნა ქართულ ენაში; ზმნის ვნებითი გვარი; | ||
| 653 | _aქართული ენა | ||
| 710 |
_aსაქ. სსრ მეცნ. აკადემია _98050 |
||
| 710 |
_aენათმეცნიერების ინსტიტუტი _98051 |
||
| 942 |
_cBK _2udc |
||